000
00310nam a22001337a 4500
008
260325b ||||| |||| 00| 0 eng d
020
_a
9789951059091
041
_a
Shqip
080
_a
821.111
100
_a
25
101
_a
Tregime
245
_a
Libri i dytë i Xhunglës
_c
Rudyard Kipling
942
_2
udc
_c
BK
999
_c
60935
_d
60935